Stepanchikovo / (Record no. 176300)

MARC details
000 -LEADER
campo de control de longitud fija 00849nam a22002295i 4500
001 - NÚMERO DE CONTROL
campo de control 176300
003 - IDENTIFICADOR DE NÚMERO DE CONTROL
campo de control ES-MaACL
005 - FECHA Y HORA DE LA ÚLTIMA TRANSACCIÓN
campo de control 20251019063056.0
008 - DATOS DE LONGITUD FIJA--INFORMACIÓN GENERAL
campo de control de longitud fija 110107s1971 sp |||| | spa d
080 ## - NÚMERO DE LA CLASIFICACIÓN DECIMAL UNIVERSAL
Número de la Clasificación Decimal Universal 821.161.1-31"18"
100 1# - ENTRADA PRINCIPAL--NOMBRE DE PERSONA
Nombre de persona Dostoievski, Fiódor,
Fechas asociadas al nombre 1821-1881
9 (RLIN) 242371
245 10 - MENCIÓN DEL TÍTULO
Título Stepanchikovo /
Mención de responsabilidad, etc. Fedor Dostoievski ; estudio, notas y comentarios de texto por Constantino García y Guillermo Rojo ; [traducción de M. Boneu].
260 ## - PUBLICACIÓN, DISTRIBUCIÓN, ETC.
Lugar de publicación, distribución, etc. Madrid :
Nombre del editor, distribuidor, etc. Narcea,
Fecha de publicación, distribución, etc. D. L. 1971.
300 ## - DESCRIPCIÓN FÍSICA
Extensión 288 p. ;
Dimensiones 18 cm.
490 1# - MENCIÓN DE SERIE
Mención de serie Bitácora. Biblioteca del estudiante ;
Designación de volumen o secuencia 14
700 0# - ENTRADA AGREGADA--NOMBRE PERSONAL
Nombre de persona García, Constantino.
9 (RLIN) 54008
700 0# - ENTRADA AGREGADA--NOMBRE PERSONAL
Nombre de persona Rojo, Guillermo.
9 (RLIN) 99091
700 1# - ENTRADA AGREGADA--NOMBRE PERSONAL
Nombre de persona Boneu, M.
9 (RLIN) 144615
830 0# - PUNTO DE ACCESO ADICIONAL DE SERIE-TÍTULO UNIFORME
Título uniforme Bitácora. Biblioteca del estudiante ;
Designación de volumen o secuencia 14
9 (RLIN) 181903
852 ## - LOCALIZACIÓN
Ubicación ES-MaACL
Número de control de estantería E-13946
Encuadernación Olim P-1892
Holdings
Estatus retirado Estado de pérdida Estado de daño No para préstamo Biblioteca de origen Biblioteca actual Ubicación en estantería Fecha de adquisición Fuente de adquisición Total de préstamos Signatura topográfica completa Código de barras Visto por última vez Precio de reemplazo Tipo de ítem Koha
        Biblioteca del Ateneo de Madrid Biblioteca del Ateneo de Madrid Depósito 2 07/01/2011     E-13946 1185154 23/02/2023 23/02/2023 Libro impreso